Statistics for Lucky letter elimination 2

Click here to take the quiz!

General Stats

  • This quiz has been taken 141 times
  • The average score is 23 of 26

Answer Stats

Answer% Correct
A/B/C/D/E/F/G/H/I/J/K/L/M/N/O/P/Q/R/S/T/U/V/W/X/Y/Z
100%
A/B/C/D/F/G/H/I/J/K/L/M/N/O/P/Q/R/S/T/U/V/W/X/Y/Z
100%
A/B/C/D/F/G/H/I/J/K/L/M/N/O/P/Q/R/S/T/U/W/X/Y/Z
100%
A/C/D/F/G/H/I/J/K/L/M/N/O/P/Q/R/S/T/U//W/X/Y/Z
100%
A/C/D/F/G/H/I/J/K/L/M/N/O/P/Q/R/S/T/U/W/Y/Z
100%
A/C/D/F/G/H/I/J/K/L/N/O/P/Q/R/S/T/U/W/Y/Z
100%
C/D/F/G/H/I/J/K/L/N/O/P/Q/R/S/T/U/W/Y/Z
100%
C/D/F/G/H/I/J/K/L/N/O/Q/R/S/T/U/W/Y/Z
100%
C/D/F/G/H/I/J/K/L/N/O/Q/R/T/U/W/Y/Z
100%
C/D/F/G/H/I/J/K/L/N/O/Q/T/U/W/Y/Z
99%
C/D/F/G/H/I/J/K/L/N/O/T/U/W/Y
98%
C/D/F/G/H/I/J/K/L/N/O/T/U/W/Y/Z
98%
C/D/F/G/H/I/J/K/L/N/T/U/W/Y
95%
C/F/G/H/I/J/K/L/N/T/U/W/Y
90%
C/F/G/H/I/J/L/N/T/U/W/Y
85%
C/F/G/H/I/J/L/T/U/W/Y
84%
C/F/G/H/I/J/L/T/W/Y
82%
F/G/H/I/J/L/T/W/Y
80%
F/G/H/I/J/L/T/Y
80%
F/H/I/J/L/T/Y
77%
F/I/J/L/T/Y
73%
F/I/J/L/Y
71%
F/I/L/Y
71%
F/L/Y
68%
F/Y
66%
Y
61%

Score Distribution

Percentile by Number Answered

Percent of People with Each Score

Your Score History

You have not taken this quiz